[Event "Liberec Region-chT 2223"]
[Site "Czech Republic"]
[Date "2023.02.12"]
[Round "8.5"]
[White "Jina, Lubos"]
[Black "Novotny, Jaroslav2222"]
[Result "0-1"]
[WhiteElo "1658"]
[BlackElo "1956"]
[PlyCount "98"]
[EventDate "2022.10.09"]
[EventType "team-tourn"]
[EventRounds "11"]
[EventCountry "CZE"]
[SourceTitle "EXT 2024"]
[Source "ChessBase"]
[SourceDate "2023.10.10"]
[SourceVersion "1"]
[SourceVersionDate "2023.10.10"]
[SourceQuality "1"]

1. d4 Nf6 2. c4 e6 3. Nf3 d5 4. e3 Be7 5. Nc3 0-0 6. Bd3 dxc4 7. Bxc4 b6 8. Be2 Bb7 9. 0-0 Nbd7 10. b3 c5 11. dxc5 Nxc5 12. Bb2 Rc8 13. Rc1 Nd5 14. Nxd5 Qxd5 15. Qxd5 Bxd5 16. Rfd1 Rfd8 17. h3 Ne4 18. Ba6 Rxc1 19. Bxc1 Nc3 20. Rd2 Bxf3 21. gxf3 Rxd2 22. Bxd2 Nxa2 23. e4 Bb4 24. Bf4 Bc5 25. Bb8 Nb4 26. Be2 a5 27. Kf1 g5 28. Bg3 f6 29. Bd1 e5 30. Ke2 Kf7 31. Kd2 Bd4 32. Be2 Ke6 33. Bc4+ Kd6 34. Bf7 Kc5 35. h4 h6 36. Ke2 b5 37. Kd2 Na6 38. Kc2 Kb4 39. Be8 Nc5 40. Bf7 a4 41. bxa4 bxa4 42. Bc4 Nb3 43. Bf7 Bc5 44. hxg5 hxg5 45. f4 exf4 46. Bh2 Bxf2 47. Bg8 Be3 48. Kd3 a3 49. Kc2 a2 0-1

[Event "Liberec op 18th"]
[Site "Liberec"]
[Date "2018.02.27"]
[Round "4"]
[White "Mezykowska, Emilia"]
[Black "Jina, Lubos"]
[Result "1-0"]
[WhiteElo "1260"]
[BlackElo "1702"]
[PlyCount "131"]
[EventDate "2018.02.24"]
[EventType "swiss"]
[EventRounds "9"]
[EventCountry "CZE"]
[SourceTitle "CBM 183 Extra"]
[Source "ChessBase"]
[SourceDate "2018.04.19"]
[SourceVersion "1"]
[SourceVersionDate "2018.04.19"]
[SourceQuality "1"]

1. e4 c5 2. Nf3 Nc6 3. c3 e6 4. d4 cxd4 5. cxd4 Bb4+ 6. Nc3 Nf6 7. Bd3 h6 8. 0-0 d5 9. e5 Nd7 10. Bf4 a6 11. h3 f5 12. exf6 Qxf6 13. Be3 0-0 14. Bc2 Re8 15. Qd3 Nf8 16. Rac1 Bd6 17. Nh2 Nb4 18. Ng4 Qh4 19. Qd2 Nxc2 20. Rxc2 Bd7 21. Bf4 Bxf4 22. Qxf4 Ng6 23. Qe3 Rac8 24. Rfc1 Rf8 25. Ne5 Nxe5 26. Qxe5 Rce8 27. Re1 Bc6 28. Re3 Rf5 29. Qd6 Qxd4 30. Rxe6 Ref8 31. Ree2 Kh8 32. Rcd2 Qh4 33. Qc5 Qg5 34. Nxd5 Rd8 35. f4 Qh4 36. Qe7 Qxe7 37. Nxe7 Rxd2 38. Rxd2 Rc5 39. Nxc6 Rxc6 40. Rd7 b5 41. Kh2 Rc4 42. Kg3 Ra4 43. a3 b4 44. Rd4 a5 45. axb4 Ra2 46. bxa5 Rxa5 47. Rd8+ Kh7 48. Rd1 Rb5 49. Rb1 Rb3+ 50. Kh4 Kg6 51. g4 Kf6 52. f5 Kf7 53. g5 hxg5+ 54. Kxg5 Rxh3 55. b4 Rg3+ 56. Kf4 Rd3 57. b5 Kf6 58. b6 Rd4+ 59. Ke3 Rd8 60. b7 Rb8 61. Kf4 Ke7 62. Kg5 Kf7 63. Rb6 Kg8 64. Kg6 Kf8 65. Rb5 Kg8 66. Rc5 1-0

[Event "Liberec op 18th"]
[Site "Liberec"]
[Date "2018.02.24"]
[Round "1"]
[White "Jina, Lubos"]
[Black "Chakravarthi, Reddy M"]
[Result "0-1"]
[WhiteElo "1702"]
[BlackElo "2380"]
[PlyCount "72"]
[EventDate "2018.02.24"]
[EventType "swiss"]
[EventRounds "9"]
[EventCountry "CZE"]
[SourceTitle "CBM 183 Extra"]
[Source "ChessBase"]
[SourceDate "2018.04.19"]
[SourceVersion "1"]
[SourceVersionDate "2018.04.19"]
[SourceQuality "1"]

1. d4 c5 2. e3 e6 3. Nf3 Nf6 4. Bd3 b6 5. 0-0 Bb7 6. Nbd2 Be7 7. c3 0-0 8. Qe2 Nc6 9. Ne4 Nxe4 10. Bxe4 d5 11. Bc2 Qc7 12. dxc5 bxc5 13. Rd1 f5 14. Ne1 Rad8 15. f4 e5 16. g4 fxg4 17. Qxg4 Rf6 18. Ng2 e4 19. Bd2 Rg6 20. Qe2 Bc8 21. Rf1 Bh3 22. Rf2 Bh4 23. Raf1 Bg4 24. Qb5 Bxf2+ 25. Rxf2 Ne7 26. c4 Qc8 27. cxd5 Bf3 28. Ba5 Rdd6 29. Qa4 Bxg2 30. Rxg2 Rxg2+ 31. Kxg2 Qg4+ 32. Kf1 Qf3+ 33. Ke1 Qxe3+ 34. Kf1 Qxf4+ 35. Ke2 Qf3+ 36. Ke1 Qe3+ 0-1

[Event "Liberec op 17th"]
[Site "Liberec"]
[Date "2017.02.25"]
[Round "1"]
[White "Balinski, Damian"]
[Black "Jina, Lubos"]
[Result "1-0"]
[WhiteElo "2184"]
[BlackElo "1733"]
[PlyCount "53"]
[EventDate "2017.02.25"]
[EventType "swiss"]
[EventRounds "9"]
[EventCountry "CZE"]
[SourceTitle "CBM 177 Extra"]
[Source "ChessBase"]
[SourceDate "2017.04.27"]
[SourceVersion "1"]
[SourceVersionDate "2017.04.27"]
[SourceQuality "1"]

1. d4 Nf6 2. Nf3 d5 3. e3 e6 4. Bd3 Nbd7 5. 0-0 c5 6. b3 cxd4 7. exd4 Be7 8. c4 b6 9. Bb2 h6 10. Nc3 Bb7 11. Ne5 dxc4 12. Bxc4 0-0 13. Qe2 Nxe5 14. dxe5 Nd7 15. f4 a6 16. a4 Qc7 17. Rae1 Bb4 18. f5 exf5 19. Rxf5 Bxc3 20. Bxc3 Nc5 21. Ref1 Ne4 22. Rxf7 Rxf7 23. Bxf7+ Kh8 24. Bd4 Ng5 25. e6 Qe7 26. Qh5 Be4 27. Qxh6+ 1-0

[Event "Liberec op 15th"]
[Site "Liberec"]
[Date "2015.02.14"]
[Round "1"]
[White "Vlasak, Lukas"]
[Black "Jina, Lubos"]
[Result "1-0"]
[WhiteElo "2353"]
[BlackElo "1773"]
[PlyCount "75"]
[EventDate "2015.02.14"]
[EventType "swiss"]
[EventRounds "9"]
[EventCountry "CZE"]
[SourceTitle "CBM 164 Extra"]
[Source "ChessBase"]
[SourceDate "2015.03.02"]
[SourceVersion "1"]
[SourceVersionDate "2015.03.02"]
[SourceQuality "1"]

1. e4 c5 2. Nf3 Nc6 3. d4 cxd4 4. Nxd4 e6 5. Nc3 Nf6 6. Ndb5 d6 7. Bf4 e5 8. Bg5 a6 9. Na3 Be7 10. Bxf6 Bxf6 11. Nc4 Be7 12. Nd5 b5 13. Nxe7 Kxe7 14. Ne3 Re8 15. a4 Rb8 16. axb5 axb5 17. c3 Kf8 18. Be2 Be6 19. 0-0 b4 20. Ra6 Qc7 21. Nd5 Bxd5 22. Qxd5 Rec8 23. Bg4 Ne7 24. Qxd6 Qxd6 25. Rxd6 Rc4 26. Rfd1 g5 27. Be2 Rxe4 28. Bd3 Rh4 29. g3 Rh3 30. Bf1 Rh5 31. Be2 g4 32. Rd8+ Rxd8 33. Rxd8+ Kg7 34. cxb4 f5 35. Rd7 Kf7 36. Rd6 Rg5 37. b5 Rg8 38. Bc4+ 1-0

[Event "Liberec Desko op"]
[Site "Liberec"]
[Date "2013.07.20"]
[Round "1"]
[White "Kraus, Tomas"]
[Black "Jina, Lubos"]
[Result "1-0"]
[WhiteElo "2360"]
[BlackElo "1803"]
[PlyCount "56"]
[EventDate "2013.07.20"]
[EventType "swiss"]
[EventRounds "9"]
[EventCountry "CZE"]
[SourceTitle "CBM 155 Extra"]
[Source "ChessBase"]
[SourceDate "2013.08.26"]
[SourceVersion "1"]
[SourceVersionDate "2013.08.26"]
[SourceQuality "1"]

1. d4 f5 2. g3 Nf6 3. Bg2 d5 4. Nh3 e6 5. 0-0 Be7 6. Nd2 0-0 7. Nf4 c6 8. c4 Qc7 9. Qc2 Bd6 10. Nf3 Qe7 11. Rb1 Nbd7 12. b4 dxc4 13. Qxc4 Nb6 14. Qb3 Nbd5 15. Nd3 Rb8 16. Bg5 h6 17. Bd2 Qe8 18. Nfe5 Nd7 19. Nc4 Bc7 20. Rfe1 N5b6 21. Na5 Nd5 22. Rbc1 N7f6 23. f3 Bd7 24. e4 fxe4 25. fxe4 Ne7 26. Nc5 Bxa5 27. bxa5 Ng6 28. Bh3 Rd8 1-0

[Event "Janske Lazne op"]
[Site "Janske Lazne"]
[Date "2013.05.08"]
[Round "3"]
[White "Jina, Lubos"]
[Black "Sedivy, Martin"]
[Result "1/2-1/2"]
[WhiteElo "1812"]
[BlackElo "1989"]
[PlyCount "118"]
[EventDate "2013.05.07"]
[EventType "swiss"]
[EventRounds "8"]
[EventCountry "CZE"]
[SourceTitle "CBM 154 Extra"]
[Source "ChessBase"]
[SourceDate "2013.06.25"]
[SourceVersion "2"]
[SourceVersionDate "2013.06.25"]
[SourceQuality "1"]

1. d4 Nf6 2. Nf3 g6 3. c4 Bg7 4. Nc3 d5 5. cxd5 Nxd5 6. e4 Nxc3 7. bxc3 c5 8. Be3 Bg4 9. Be2 Nc6 10. e5 cxd4 11. cxd4 Bxf3 12. Bxf3 Qa5+ 13. Qd2 Qxd2+ 14. Kxd2 0-0-0 15. Bxc6 bxc6 16. Rhc1 Kc7 17. Rc5 Rd5 18. Rac1 Rxc5 19. Rxc5 e6 20. f4 Rb8 21. Kc2 Bf8 22. Ra5 Kb6 23. Ra4 Rb7 24. d5+ Kb5 25. dxc6 Kxc6 26. Rxa7 Rxa7 27. Bxa7 Kd5 28. Kd3 Ba3 29. Be3 g5 30. g3 gxf4 31. gxf4 h5 32. Bd2 Kc5 33. Ke4 Kc4 34. Ba5 Bb2 35. Bc7 Kb4 36. Bd6+ Kc4 37. f5 Bc1 38. fxe6 fxe6 39. Bc7 Kb4 40. Bd6+ Kc4 41. Be7 Bd2 42. h3 Bc3 43. Bg5 Kb4 44. Be7+ Kc4 45. Bf6 Bd2 46. Bd8 Kb4 47. Bc7 Bc3 48. Kd3 Bb2 49. Bd6+ Kb5 50. Kc2 Bd4 51. Kb3 Be3 52. a4+ Ka5 53. Bc7+ Ka6 54. Kc4 Bf2 55. Bd6 Kb6 56. a5+ Kxa5 57. Bc5 Be1 58. Bd4 Bb4 59. Bc5 Be1 1/2-1/2

[Event "Liberec op 13th"]
[Site "Liberec"]
[Date "2012.10.22"]
[Round "3"]
[White "Suchomel, Oldrich"]
[Black "Jina, Lubos"]
[Result "1/2-1/2"]
[WhiteElo "1647"]
[BlackElo "1806"]
[PlyCount "76"]
[EventDate "2012.10.20"]
[EventType "swiss"]
[EventRounds "9"]
[EventCountry "CZE"]
[SourceTitle "EXT 2013"]
[Source "ChessBase"]
[SourceDate "2012.11.22"]
[SourceVersion "1"]
[SourceVersionDate "2012.11.22"]
[SourceQuality "1"]

1. d4 Nf6 2. c4 e6 3. g3 Be7 4. Bg2 d5 5. cxd5 exd5 6. Nf3 0-0 7. 0-0 c6 8. Nc3 h6 9. Re1 Bb4 10. Bd2 Re8 11. Ne5 Bd6 12. Nd3 Na6 13. a3 Nc7 14. e4 dxe4 15. Nxe4 Nxe4 16. Bxe4 Be7 17. Bc3 Bf6 18. Ne5 Bxe5 19. dxe5 Be6 20. f4 Nb5 21. Rc1 Qb6+ 22. Kh1 Nxc3 23. bxc3 Rad8 24. Qf3 Bd5 25. Bxd5 Rxd5 26. Rb1 Qc7 27. Red1 Red8 28. Rxd5 Rxd5 29. Rd1 Rxd1+ 30. Qxd1 Kf8 31. Qd4 b6 32. Kg2 Ke7 33. Kf3 g6 34. g4 Ke6 35. Ke4 Ke7 36. c4 Qd7 37. Qxd7+ Kxd7 38. f5 Ke7 1/2-1/2

[Event "Kesarovski Georgiev Memorial 11th"]
[Site "Sunny Beach"]
[Date "2012.09.03"]
[Round "3"]
[White "Jina, Lubos"]
[Black "Dimitrov, Dejan"]
[Result "0-1"]
[WhiteElo "1794"]
[BlackElo "2079"]
[PlyCount "84"]
[EventDate "2012.09.01"]
[EventType "swiss"]
[EventRounds "9"]
[EventCountry "BUL"]
[SourceTitle "CBM 150 Extra"]
[Source "ChessBase"]
[SourceDate "2012.10.19"]
[SourceVersion "1"]
[SourceVersionDate "2012.10.19"]
[SourceQuality "1"]

1. d4 Nf6 2. Nf3 e6 3. c4 Nc6 4. e3 Bb4+ 5. Nc3 0-0 6. Be2 Bxc3+ 7. bxc3 d6 8. 0-0 Qe7 9. Qc2 e5 10. d5 Na5 11. e4 Ne8 12. Nd2 b6 13. Nb3 Nb7 14. a4 f5 15. f3 a5 16. exf5 Bxf5 17. Bd3 Bxd3 18. Qxd3 Nf6 19. Bg5 Qe8 20. Bxf6 Rxf6 21. Rfe1 Qh5 22. Ra2 Raf8 23. Rf2 Rh6 24. g3 Rhf6 25. Ref1 Qe8 26. Nd2 Nc5 27. Qe3 Qxa4 28. f4 exf4 29. Rxf4 Rxf4 30. gxf4 Qc2 31. Rf2 Qd3 32. Qe7 Qg6+ 33. Rg2 Qf7 34. Qg5 g6 35. Rf2 Nd3 36. Rf3 Nxf4 37. Qg4 Qf5 38. Qh4 Qe5 39. Nf1 a4 40. Nd2 a3 41. Nb3 Qe4 42. Nd2 Ne2+ 0-1

[Event "Liberec Metalmex op"]
[Site "Liberec"]
[Date "2012.08.12"]
[Round "3"]
[White "Cakl, Zdenek"]
[Black "Jina, Lubos"]
[Result "1-0"]
[WhiteElo "2160"]
[BlackElo "1787"]
[PlyCount "105"]
[EventDate "2012.08.11"]
[EventType "swiss"]
[EventRounds "9"]
[EventCountry "CZE"]
[SourceTitle "EXT 2014"]
[Source "ChessBase"]
[SourceDate "2013.11.20"]
[SourceVersion "1"]
[SourceVersionDate "2013.11.20"]
[SourceQuality "1"]

1. Nf3 d5 2. b3 Nf6 3. Bb2 Bf5 4. g3 e6 5. Bg2 Nbd7 6. d3 Bb4+ 7. Nbd2 0-0 8. 0-0 c6 9. a3 Bd6 10. Qe1 e5 11. e4 dxe4 12. dxe4 Bg4 13. Nc4 Bxf3 14. Bxf3 Bc7 15. Rd1 Qe7 16. a4 b6 17. Qe2 Rfd8 18. Rd2 Nf8 19. Rfd1 Rd7 20. Ba3 c5 21. Rxd7 N8xd7 22. Ne3 a6 23. Bb2 Ra7 24. Bg2 Bb8 25. Bh3 g6 26. f3 Kf8 27. Bc1 Ke8 28. Qd3 Nf8 29. Nd5 Nxd5 30. Qxd5 Ne6 31. Qc6+ Rd7 32. Bg5 Nxg5 33. Qxd7+ Qxd7 34. Bxd7+ Ke7 35. Kg2 Bd6 36. Bc8 h5 37. Bxa6 f5 38. Bd3 f4 39. Bc4 Nh7 40. Kf2 Nf6 41. gxf4 exf4 42. Rg1 Be5 43. Rxg6 Bd4+ 44. Ke2 Kd6 45. Kd3 Be5 46. Bd5 Bd4 47. c3 Be5 48. b4 cxb4 49. cxb4 Bb2 50. Kc4 Ke5 51. a5 b5+ 52. Kxb5 Kd4 53. Rxf6 1-0

[Event "Liberec Metalmex op"]
[Site "Liberec"]
[Date "2011.08.16"]
[Round "4"]
[White "Blahacek, Evzen"]
[Black "Jina, Lubos"]
[Result "1-0"]
[WhiteElo "1991"]
[BlackElo "1868"]
[PlyCount "85"]
[EventDate "2011.08.13"]
[EventType "swiss"]
[EventRounds "9"]
[EventCountry "CZE"]
[SourceTitle "CBM 143 Extra"]
[Source "ChessBase"]
[SourceDate "2011.08.29"]
[SourceVersion "1"]
[SourceVersionDate "2011.08.29"]
[SourceQuality "1"]

1. c4 Nf6 2. Nc3 c6 3. e4 d6 4. d4 Nbd7 5. Nf3 e5 6. Be2 Be7 7. 0-0 0-0 8. Qc2 Qc7 9. h3 b6 10. Be3 a6 11. a4 c5 12. dxc5 dxc5 13. Rfd1 Rd8 14. Rd2 Bb7 15. Rad1 Nf8 16. Nd5 Bxd5 17. cxd5 Bd6 18. b3 Ng6 19. g3 h6 20. Kg2 Qe7 21. Ne1 Nd7 22. Rc1 Rf8 23. f3 Nh8 24. Bd3 g5 25. Rf2 f6 26. Qe2 Nb8 27. Nc2 Ng6 28. Na3 Kh7 29. Nc4 Bc7 30. a5 bxa5 31. d6 Bxd6 32. Nxd6 Qxd6 33. Bxc5 Qc6 34. Ba3 Qe8 35. Bxf8 Qxf8 36. Rc7+ Ne7 37. Qc2 Qe8 38. Qc5 Nd7 39. Qc6 Rd8 40. Bxa6 Kg6 41. Rd2 Nc8 42. Bxc8 Rxc8 43. Rdxd7 1-0

[Event "Nachod op 9th"]
[Site "Nachod"]
[Date "2011.07.07"]
[Round "6.32"]
[White "Kozusek, Daniel"]
[Black "Jina, Lubos"]
[Result "1-0"]
[WhiteElo "1728"]
[BlackElo "1868"]
[PlyCount "93"]
[EventDate "2011.07.02"]
[EventType "swiss"]
[EventRounds "9"]
[EventCountry "CZE"]
[SourceTitle "EXT 2012"]
[Source "ChessBase"]
[SourceDate "2011.11.24"]
[SourceVersion "1"]
[SourceVersionDate "2011.11.24"]
[SourceQuality "1"]

1. e4 c5 2. Nf3 Nc6 3. d4 cxd4 4. Nxd4 e6 5. Nb5 d6 6. c4 a6 7. N5c3 Nf6 8. Be2 Be7 9. Be3 0-0 10. 0-0 Qc7 11. Nd2 Bd7 12. f4 Rab8 13. Kh1 Nd8 14. Rc1 Bc6 15. b4 b6 16. Bf3 Qd7 17. e5 dxe5 18. fxe5 Ne8 19. a3 Qb7 20. b5 Bxf3 21. Rxf3 Bc5 22. Bxc5 bxc5 23. Rh3 f5 24. Qh5 h6 25. Nf3 Qf7 26. Qh4 a5 27. Rg3 Kh8 28. Rd1 Nb7 29. Ne2 f4 30. Rg4 Qg8 31. Nxf4 Rxf4 32. Rxf4 Nc7 33. Rf1 Rf8 34. Rxf8 Qxf8 35. Nd2 Qe8 36. Qf4 Kg8 37. Ne4 Qe7 38. Nd6 Nd8 39. Qf3 Ne8 40. Nxe8 Qxe8 41. Qa8 Qe7 42. Rd1 Kh7 43. Qxd8 Qf7 44. b6 Qb7 45. Qc7 Qe4 46. Qd7 Qxc4 47. Qd3+ 1-0

[Event "Nachod op 9th"]
[Site "Nachod"]
[Date "2011.07.06"]
[Round "5.20"]
[White "Jina, Lubos"]
[Black "Mrovec, Jan"]
[Result "0-1"]
[WhiteElo "1868"]
[BlackElo "2022"]
[PlyCount "132"]
[EventDate "2011.07.02"]
[EventType "swiss"]
[EventRounds "9"]
[EventCountry "CZE"]
[SourceTitle "EXT 2012"]
[Source "ChessBase"]
[SourceDate "2011.11.24"]
[SourceVersion "1"]
[SourceVersionDate "2011.11.24"]
[SourceQuality "1"]

1. d4 Nf6 2. c4 g6 3. Nc3 d5 4. e3 Bg7 5. Nf3 0-0 6. Be2 dxc4 7. Bxc4 c5 8. 0-0 Bg4 9. Be2 Nc6 10. Qb3 cxd4 11. Rd1 Qb6 12. Qxb6 axb6 13. Nxd4 Bxe2 14. Ndxe2 Rfd8 15. Bd2 Nb4 16. Be1 Nd3 17. Rab1 e5 18. Kf1 Ne8 19. Nc1 Nxe1 20. Rxd8 Rxd8 21. Kxe1 Nd6 22. N1e2 Nc4 23. Rd1 Rxd1+ 24. Nxd1 Kf8 25. b3 Nd6 26. Kd2 Ke7 27. Nec3 Kd7 28. e4 f5 29. f3 Kc6 30. Kd3 Bf6 31. Ne3 b5 32. Nc2 Bd8 33. Nd5 b6 34. Ndb4+ Kd7 35. Nd5 Nb7 36. exf5 gxf5 37. Nc3 Nd6 38. Ne2 Kc6 39. Ng3 Kc5 40. Ne2 b4 41. g4 e4+ 42. Ke3 fxg4 43. fxe4 Bg5+ 44. Kd3 Bf6 45. Ng3 Nb5 46. Ne3 Bg5 47. Nxg4 Nc3 48. e5 Kd5 49. a3 bxa3 50. Kxc3 Bc1 51. Nf1 Ke6 52. Nfe3 h5 53. b4 hxg4 54. Nc2 Kxe5 55. Kb3 b5 56. Ne1 Ke4 57. Ng2 Bf4 58. Kxa3 Bxh2 59. Kb3 Kf3 60. Nh4+ Kf2 61. Kc3 Be5+ 62. Kd3 g3 63. Ke4 Bf6 64. Ng6 Bg5 65. Ne5 g2 66. Ng4+ Ke2 0-1

[Event "Nachod op 9th"]
[Site "Nachod"]
[Date "2011.07.02"]
[Round "1.14"]
[White "Jina, Lubos"]
[Black "Horak, Jiri"]
[Result "0-1"]
[WhiteElo "1868"]
[BlackElo "2256"]
[PlyCount "66"]
[EventDate "2011.07.02"]
[EventType "swiss"]
[EventRounds "9"]
[EventCountry "CZE"]
[SourceTitle "EXT 2012"]
[Source "ChessBase"]
[SourceDate "2011.11.24"]
[SourceVersion "1"]
[SourceVersionDate "2011.11.24"]
[SourceQuality "1"]

1. d4 Nf6 2. c4 g6 3. Nc3 d5 4. cxd5 Nxd5 5. e3 Bg7 6. Nf3 0-0 7. Bc4 Nb6 8. Bb3 N8d7 9. 0-0 c5 10. a3 cxd4 11. exd4 Nf6 12. Ne5 Nbd5 13. h3 Be6 14. Nf3 h6 15. Re1 Qd6 16. Ne5 Rac8 17. Bd2 Qb6 18. Bxd5 Nxd5 19. Nxd5 Bxd5 20. Nd7 Qxb2 21. Nxf8 Kxf8 22. Rc1 Re8 23. Bb4 a5 24. Bc5 Bf6 25. Qa4 Qd2 26. Qd7 Bc6 27. Qg4 Kg7 28. Rcd1 Qa2 29. d5 Bxd5 30. Bxe7 Bxe7 31. Qd7 Bc5 32. Re4 Qxf2+ 33. Kh1 Bxe4 0-1

[Event "Liberec op 10th"]
[Site "Liberec"]
[Date "2009.10.24"]
[Round "1"]
[White "Strebkovs, Andrejs"]
[Black "Jina, Lubos"]
[Result "1-0"]
[WhiteElo "2376"]
[BlackElo "1911"]
[PlyCount "75"]
[EventDate "2009.10.24"]
[EventType "swiss"]
[EventRounds "9"]
[EventCountry "CZE"]
[SourceTitle "EXT 2010"]
[Source "ChessBase"]
[SourceDate "2010.11.25"]
[SourceVersion "1"]
[SourceVersionDate "2010.11.25"]
[SourceQuality "1"]

1. d4 Nf6 2. c4 e6 3. Nc3 d5 4. Bg5 Be7 5. Nf3 Nc6 6. e3 h6 7. Bh4 0-0 8. cxd5 Nxd5 9. Bg3 Nxc3 10. bxc3 Na5 11. Bd3 b6 12. e4 c5 13. 0-0 Bb7 14. Qe2 Rc8 15. Rad1 Qe8 16. Bb5 Bc6 17. Bxc6 Qxc6 18. d5 exd5 19. exd5 Qb7 20. Ne5 Bf6 21. f4 Rcd8 22. Qf3 Rd6 23. f5 Bxe5 24. Bxe5 Rdd8 25. f6 g6 26. Qf4 g5 27. Qf3 Nc4 28. Bg3 Rfe8 29. h4 Re3 30. Qh5 Rxg3 31. Qxh6 gxh4 32. Rf5 Rg6 33. Qxh4 Ne3 34. Rh5 Rxg2+ 35. Kh1 Kf8 36. Rh8+ Rg8 37. Qh6+ Ke8 38. Rxg8+ 1-0

[Event "Liberec op 09th"]
[Site "Liberec"]
[Date "2008.11.21"]
[Round "8"]
[White "Kucera, Jaroslav"]
[Black "Jina, Lubos"]
[Result "0-1"]
[WhiteElo "2012"]
[BlackElo "1953"]
[PlyCount "168"]
[EventDate "2008.11.15"]
[EventType "swiss"]
[EventRounds "9"]
[EventCountry "CZE"]
[SourceTitle "CBM 127 Extra"]
[Source "ChessBase"]
[SourceDate "2009.01.08"]
[SourceVersion "2"]
[SourceVersionDate "2009.01.28"]
[SourceQuality "1"]

1. e4 c5 2. d4 cxd4 3. Nf3 Nc6 4. Bc4 e6 5. Nxd4 d6 6. Nc3 a6 7. a3 Nf6 8. Be3 Bd7 9. Ba2 Be7 10. h3 b5 11. Qe2 Nxd4 12. Bxd4 e5 13. Be3 Be6 14. 0-0 0-0 15. Rfd1 Qc7 16. Bg5 Rad8 17. Rd2 h6 18. Bxf6 Bxf6 19. Nd5 Bxd5 20. Rxd5 Be7 21. Rc1 Rc8 22. c4 bxc4 23. Rxc4 Qb6 24. Rb4 Rc1+ 25. Kh2 Qa7 26. Ra4 Rfc8 27. Rxa6 Qb7 28. Rda5 R1c2 29. Qf3 Bg5 30. g3 Qxb2 31. Bxf7+ Kh8 32. Kg1 Qc1+ 33. Kg2 Be3 34. Ra8 Rxf2+ 35. Qxf2 Bxf2 36. Kxf2 Kh7 37. Rxc8 Qxc8 38. Bh5 Qb7 39. Rd5 Qb2+ 40. Ke3 Qxa3+ 41. Rd3 Qc1+ 42. Ke2 Qc2+ 43. Ke3 Qc5+ 44. Ke2 g6 45. Bg4 Kg7 46. h4 h5 47. Bf3 Kf6 48. Bg2 Ke7 49. Rd5 Qg1 50. Kf3 Qe1 51. Rd3 Qc1 52. Ke2 g5 53. hxg5 Qxg5 54. Kf2 Qc1 55. Bf3 Qg5 56. Bg2 h4 57. gxh4 Qxh4+ 58. Ke2 Qf4 59. Re3 Kd7 60. Rc3 Qg5 61. Bh3+ Ke7 62. Rd3 Qg1 63. Bf5 Qc1 64. Rd1 Qc2+ 65. Rd2 Qc5 66. Rd5 Qb4 67. Rd2 Kf6 68. Bh7 Kg5 69. Ke3 Qc3+ 70. Ke2 Kf4 71. Rd3 Qc4 72. Bg6 d5 73. Bf7 Qc2+ 74. Rd2 Qxe4+ 75. Kd1 Qb1+ 76. Ke2 d4 77. Bc4 Qg1 78. Rd1 Qe3+ 79. Kf1 e4 80. Re1 Qf3+ 81. Kg1 Qg3+ 82. Kf1 d3 83. Bd5 Qf3+ 84. Kg1 Kg3 0-1